000 00585nmm a2200169Ia 4500
008 251105s9999||||xx |||||||||||||||||und||
020 _a9789681635503
041 _aspa
100 _aBastian, Jean Pierre
245 0 _aProtestantes, liberales y francmasones :
_b Sociedades de ideas y modernidad en América Latina siglo XIX
264 _a[México D.C., Mexico] :
_bFondo de Cultura Económica,
_c2015
300 _a178 páginas
490 _aHistoria
650 _aHistory of the Americas: Latin America
856 _uhttps://public.digitaliapublishing.com/a/43658
942 _cCF
999 _c96788
_d96788